[Event "BLR-ch sf"]
[Site "Minsk"]
[Date "2023.12.08"]
[Round "2"]
[White "Zhukov, Roman"]
[Black "Yarotski, Aliaksei"]
[Result "1/2-1/2"]
[WhiteElo "1420"]
[BlackElo "1250"]
[PlyCount "93"]
[EventDate "2023.12.07"]
[EventType "swiss"]
[EventRounds "9"]
[EventCountry "BLR"]
[SourceTitle "CBM 217 Extra"]
[Source "ChessBase"]
[SourceDate "2024.01.31"]
[SourceVersion "1"]
[SourceVersionDate "2024.01.31"]
[SourceQuality "1"]

1. d4 Nf6 2. Nf3 e6 3. c4 d5 4. g3 Nbd7 5. Bg2 Bb4+ 6. Bd2 Be7 7. 0-0 b6 8. cxd5 exd5 9. Nc3 0-0 10. Rc1 a6 11. Ne5 Bb7 12. Qb3 Nxe5 13. dxe5 Ne4 14. Nxe4 dxe4 15. Rfd1 Bd5 16. Qc3 c6 17. Be3 f5 18. exf6 Bxf6 19. Qc2 Re8 20. b3 b5 21. Qb1 Qd7 22. Bxe4 Bxe4 23. Rxd7 Bxb1 24. Rxb1 Red8 25. Rbd1 a5 26. Bc5 a4 27. b4 Rxd7 28. Rxd7 Rd8 29. Rxd8+ Bxd8 30. f4 Kf7 31. Kf2 a3 32. e4 Be7 33. Bxe7 Kxe7 34. Ke3 c5 35. Kd3 c4+ 36. Kd4 g6 37. g4 Kd7 38. f5 gxf5 39. gxf5 Ke7 40. e5 Kf7 41. f6 Ke6 42. Ke4 Kf7 43. h3 Ke6 44. h4 Kf7 45. h5 Ke6 46. Kf4 Kf7 47. Ke4 1/2-1/2

[Event "Minsk op"]
[Site "Minsk"]
[Date "2023.11.09"]
[Round "7"]
[White "Zhukov, Roman"]
[Black "Zeliantsova, Kseniya"]
[Result "0-1"]
[WhiteElo "1365"]
[BlackElo "1867"]
[PlyCount "69"]
[EventDate "2023.11.03"]
[EventType "swiss"]
[EventRounds "9"]
[EventCountry "BLR"]
[SourceTitle "CBM 217 Extra"]
[Source "ChessBase"]
[SourceDate "2024.01.31"]
[SourceVersion "1"]
[SourceVersionDate "2024.01.31"]
[SourceQuality "1"]

1. d4 Nf6 2. c4 g6 3. Nc3 Bg7 4. Nf3 d6 5. Bf4 0-0 6. h3 Nc6 7. e3 Nd7 8. Be2 e5 9. Bh2 f5 10. 0-0 g5 11. d5 Ncb8 12. e4 Nc5 13. Nd2 a5 14. Nb3 Nxe4 15. Nxe4 fxe4 16. Nd2 Bf5 17. Bg4 Bg6 18. Re1 Na6 19. Nxe4 Bxe4 20. Rxe4 Nc5 21. Re1 e4 22. Be6+ Kh8 23. Qg4 Bxb2 24. Rab1 Qf6 25. Bg3 Bd4 26. Kh1 Qg6 27. h4 Bxf2 28. hxg5 h5 29. Qh4 Nd3 30. Re2 Rf4 31. Qh2 Bxg3 32. Qxg3 h4 33. Qh2 Kg7 34. g3 hxg3 35. Qxg3 0-1

[Event "Minsk op"]
[Site "Minsk"]
[Date "2023.11.07"]
[Round "5"]
[White "Zhukov, Roman"]
[Black "Naumovich, Yaroslav"]
[Result "0-1"]
[WhiteElo "1365"]
[BlackElo "2124"]
[PlyCount "72"]
[EventDate "2023.11.03"]
[EventType "swiss"]
[EventRounds "9"]
[EventCountry "BLR"]
[SourceTitle "CBM 217 Extra"]
[Source "ChessBase"]
[SourceDate "2024.01.31"]
[SourceVersion "1"]
[SourceVersionDate "2024.01.31"]
[SourceQuality "1"]

1. d4 d5 2. Nf3 Nf6 3. c4 e6 4. g3 dxc4 5. Bg2 c5 6. Qa4+ Bd7 7. Qxc4 b5 8. Qd3 c4 9. Qd1 Bc6 10. 0-0 Nbd7 11. Nbd2 Rc8 12. Re1 b4 13. Qc2 Nb6 14. e4 Ba4 15. b3 cxb3 16. Qb1 bxa2 17. Rxa2 Qd7 18. d5 Bc5 19. Bh3 0-0 20. Ng5 Rfe8 21. e5 h6 22. exf6 hxg5 23. dxe6 Bxf2+ 24. Kxf2 Qd4+ 25. Re3 g4 26. Ne4 Rxe6 27. Rae2 Rxc1 28. Qxc1 Rxe4 29. Bg2 Qxf6+ 30. Kg1 Rxe3 31. Qxe3 b3 32. Be4 Bb5 33. Re1 Bc4 34. Bb1 g6 35. Qc5 Kg7 36. Re8 Qf1# 0-1

[Event "Minsk op"]
[Site "Minsk"]
[Date "2023.11.04"]
[Round "2"]
[White "Hovakimyan, Vache"]
[Black "Zhukov, Roman"]
[Result "1-0"]
[WhiteElo "2079"]
[BlackElo "1365"]
[PlyCount "88"]
[EventDate "2023.11.03"]
[EventType "swiss"]
[EventRounds "9"]
[EventCountry "BLR"]
[SourceTitle "CBM 217 Extra"]
[Source "ChessBase"]
[SourceDate "2024.01.31"]
[SourceVersion "1"]
[SourceVersionDate "2024.01.31"]
[SourceQuality "1"]

1. d4 d5 2. c4 e6 3. Nc3 Nf6 4. cxd5 exd5 5. Bg5 Be7 6. e3 c6 7. Qc2 h6 8. Bh4 0-0 9. Bd3 Nbd7 10. Nf3 b6 11. 0-0 Bb7 12. Rfd1 Re8 13. Rac1 Ne4 14. Bxe4 Bxh4 15. Bh7+ Kh8 16. Nxh4 Qxh4 17. Bd3 Qf6 18. b4 g6 19. Qb3 b5 20. a4 a6 21. a5 Qd6 22. Nb1 Nf6 23. Nd2 Bc8 24. Qc3 Bd7 25. Nf3 Re6 26. Ne5 Kg7 27. f4 Nh7 28. f5 Rf6 29. Ng4 g5 30. e4 Qf4 31. Ne5 Be8 32. exd5 cxd5 33. Rf1 Qh4 34. Rf3 Rc6 35. Nxc6 Rc8 36. Qe1 Rxc6 37. Qe5+ Rf6 38. Qxe8 Qxd4+ 39. Qe3 Qxb4 40. Rc8 Qxa5 41. Qe8 Qa1+ 42. Bf1 h5 43. Qh8+ Kh6 44. Rg8 h4 1-0